000 00281nam a2200109Ia 4500
008 230320s9999||||xx |||||||||||||| ||spa||
082 _a869.5004/G71
100 _aGonzalez Vigil, Ricardo
245 0 _aRetablo De Autores Peruanos
260 _bARCO IRIS / CONCYTEC
942 _80
_cLIB
999 _c32482
_d32482